000 02793cam a22004934i 4500
003 PE-LiUPU
005 20250731172835.0
008 150825s2013 miua r 001 0 eng d
020 _a9780825439261
035 _a(Sirsi) i9780825439261
040 _aPE-LiUPU
_bspa
_cPE-LiUPU
_erda
049 _aPRUA
082 0 4 _a239
_bV38
_223
100 1 _aVelarde, Robert,
_eautor.
245 1 2 _aA visual defense :
_bthe case for and against Christianity /
_cRobert Velarde.
264 1 _aGrand Rapids, Michigan :
_bKregel Publications,
_c[2013].
300 _a207 páginas :
_bilustraciones ;
_c26 centímetros
336 _atext
_2rdacontent
337 _aunmediated
_2rdamedia
338 _avolume
_2rdacarrier
504 _aÍndice de nombres : página 207.
504 _aÍndice de términos : páginas 205-206.
505 0 _aIntroduction -- Understanding argument diagrams -- Is apologetics necessary? -- Is intellect essential to theChristian life? -- How are faith and reason related? -- Arguments for God and Christianity -- Christianityis true -- The theistic God exists -- Truth is objective, absolute, universal, and more -- Objective moral values exist -- Christianity is beneficial -- Christ rose from the dead -- Christ is the only way of salvation -- The argument from desire -- Pascal's anthropological argument -- Christianity best explains evil -- Hell is justifiable -- Arguments against God and Christianity -- God does not exist (atheism) -- Nontheistic evolution is true (God is unnecessary) -- Belief in God/Christianity is delusional -- Evil exists, so God does not exist -- Christianity is harmful -- Monistic pantheism is true -- All religions are essentially true (Christianity is not unique) -- Evil is an illusion -- Christian hypocrisy shows that Christianity is false -- Religious experience is subjective and cannot be tested.
526 _aSEG42
526 _aSEG41
526 _aSEG40
526 _aSEG39
526 _aP94
526 _aP87
526 _aP86
526 _aP85
526 _aP77
526 _aP76
526 _aP35
650 1 4 _aApologética
_xEstudio y enseñanza.
650 2 4 _aApologética.
_92321
910 _acce
_bjvq
_ccce
_d20150825
942 _2ddc
_cBOOK
949 _aPGT 239 V38
_wDEWEY
_c1
_i71486
_lCCODEBUL1
_mBUL
_p14.00
_r0
_sY
_tBOOK
_u2015-8-25
_xTEOLOGIA
_PP85
_0COMPRA
_o.CIRCNOTE. No olvidar cambiar la fecha de devolución!!!!!!!
_o.STAFF. Posgrado
994 _aC0
_bPEPRU
596 _a1
999 _aPGT 239 V38
_wDEWEY
_c6963
_i71486
_f2021-11-10
_g5
_lCCODEBUL1
_mBUL
_p14.00
_r0
_sY
_tBOOK
_u2015-8-25
_xTEOLOGIA
_PP85
_0COMPRA
_o.CIRCNOTE. No olvidar cambiar la fecha de devolución!!!!!!!
_o.STAFF. Posgrado Teología
_d6963
980 _81
_gALBERTO SANCHEZ Responsable de Automatización